000 00477nam a2200157Ia 4500
008 151213s9999 xx 000 0 und d
100 _aPaul New Bold & W. Carlson & B.M.Thorue
245 _aStatistics for Business & Economics
_cPaul New Bold & W. Carlson & B.M.Thorue
250 _a3rd
260 _aNew Jersey
_bPrentic Hall
_c2003
300 _a2240 p.
650 _aStatistics
650 _aStatistics
700 _aPaul New Bold & W. Carlson & B.M.Thorue
999 _c1632
_d1632